|
|
|
|
| LEADER |
01540nam a2200397Ia 4500 |
| 001 |
EBC179904 |
| 003 |
MiAaPQ |
| 005 |
20200520144314.0 |
| 006 |
m o d | |
| 007 |
cr cn||||||||| |
| 008 |
980526s1999 enk sb 001 0 eng d |
| 010 |
|
|
|z 98024528
|
| 020 |
|
|
|z 0203217683
|
| 020 |
|
|
|z 041517242X
|
| 035 |
|
|
|a (MiAaPQ)EBC179904
|
| 035 |
|
|
|a (Au-PeEL)EBL179904
|
| 035 |
|
|
|a (CaPaEBR)ebr10054917
|
| 035 |
|
|
|a (CaONFJC)MIL32298
|
| 035 |
|
|
|a (OCoLC)76898510
|
| 040 |
|
|
|a MiAaPQ
|c MiAaPQ
|d MiAaPQ
|
| 050 |
|
4 |
|a HD7391
|b .H667 1998
|
| 082 |
0 |
4 |
|a 363.5/8/091724
|2 21
|
| 245 |
0 |
0 |
|a Housing and finance in developing countries
|h [electronic resource] /
|c edited by Kavita Datta & Gareth A. Jones.
|
| 260 |
|
|
|a London ;
|a New York :
|b Routledge,
|c 1999.
|
| 300 |
|
|
|a xxiii, 270 p.
|
| 490 |
1 |
|
|a Routledge studies in development and society ;
|v 7
|
| 504 |
|
|
|a Includes bibliographical references (p.247-63) and index.
|
| 533 |
|
|
|a Electronic reproduction. Ann Arbor, MI : ProQuest, 2015. Available via World Wide Web. Access may be limited to ProQuest affiliated libraries.
|
| 650 |
|
0 |
|a Housing
|z Developing countries
|x Finance
|v Case studies.
|
| 650 |
|
0 |
|a Housing policy
|z Developing countries
|v Case studies.
|
| 655 |
|
4 |
|a Electronic books.
|
| 700 |
1 |
|
|a Datta, Kavita,
|d 1966-
|
| 700 |
1 |
|
|a Jones, Gareth A.,
|d 1964-
|
| 710 |
2 |
|
|a ProQuest (Firm)
|
| 830 |
|
0 |
|a Routledge studies in development and society ;
|v 7.
|
| 856 |
4 |
0 |
|u https://ebookcentral.proquest.com/lib/matrademy/detail.action?docID=179904
|z Click to View
|